| 000 | 00352nam a2200133Ia 4500 | ||
|---|---|---|---|
| 008 | 220217s9999||||xx |||||||||||||| ||und|| | ||
| 020 | _a81-8404-179-9 | ||
| 082 | _a005.43 BRO | ||
| 100 |
_aBrown, Chris _95535 |
||
| 245 | 0 | _aSuse linux | |
| 260 |
_aShroff publishers and dist.Pvt. _bMumbai _c2006 |
||
| 300 | _b400 | ||
| 650 | _aOperating systems | ||
| 999 |
_c176543 _d176543 |
||